000 01609ngm a22004570a 4500
001 PT39939
003 AR-LpoUNG
005 20210201235855.0
007 vd cvaizq
008 191001ss.f.||||ag |||||||||||||||||spa d
037 _c$2.65
040 _aAR-LpoUNG
_bspa
_cAR-LpoUNG
_eaacr
041 _aspa
044 _aag
082 0 _a303.6 433poc
100 1 _aMatiozzi, Francisco
_edir.
245 1 0 _aPochormiga :
_bun mundo donde quepan todos los mundos
260 _aBuenos Aires :
_bMiradas al sur,
_cs. f..
300 _aDVD (30 min.) son., col.
505 0 _aProducción: Ma. Florencia Vallarella y Valeria Simich.- Fotografía: Roberto Cribb. - Edición: Nicolás Calvillo.- Texto: Gustavo Martínez. - Locución: Quique Pesoa Animación digital: Gastón Soso, Carolina Górriz. - Gráfica: Jorgelina Marenoni
520 _aTrabajo de tesis de Francisco Matiozzi para la Escuela Provincial de Cine y TV de Rosario que narra la historia de Claudio -Pocho- Lepratti, un trabajador social que fue asesinado en Rosario por la Policía de Santa Fe durante las conmociones de diciembre de 2001.
650 4 _aARGENTINA
650 4 _aARGENTINA
650 4 _aASPECTOS POLITICOS
650 4 _aCONFLICTOS
650 4 _aMUERTE
650 4 _aPARTICIPACION SOCIAL
650 4 _aPOBREZA
650 4 _aPOLICIA
650 4 _aPROBLEMAS SOCIALES
650 4 _aVIOLENCIA
651 4 _aArgentina
653 _aCINE ARGENTINO
653 _aDOCUMENTAL
653 _aDOCUMENTALES
653 _aDVD
653 _aMILITANCIA
653 _aVIDEOS
905 _a39939
942 _cDVD
999 _c53665
_d53665